000 00311nam a22001457a 4500
003 SGT
020 _a9789395624596
082 _a954.04
_bGUH
100 _aGUHA RAMACHANDRA
245 _aINDIA AFTER GANDHI
_bA HISTORY
250 _a3
260 _aNEW DELHI
_bPICADOR
_c2023
300 _a942
942 _2ddc
_cBK
999 _c34431
_d34431